| 000 | 01998nam a2200337 a 4500 | ||
|---|---|---|---|
| 001 | BRCA_2990 | ||
| 005 | 20190320204047.0 | ||
| 008 | 140109s1776----dk-a---###---#000-0ddan-u | ||
| 041 | _adan | ||
| 044 | _adk | ||
| 084 |
_a313 _b.G95 _c1776 |
||
| 100 | 1 |
_aCervantes Saavedra, Miguel de _d1547-1616 _9213 |
|
| 245 | 1 | 0 |
_aDer Sindrige Herremands Don Quixote af Mancha _bLevnet og Bedrifter _cFortfattet af Miguel de Cervantes Saavedra. |
| 260 |
_aKiöbenhavn _bTrykt paa Gyldendals _c1776 |
||
| 300 |
_a4 v. _bil. _c20 cm. |
||
| 500 | _aContenido : v 1. Primera parte. Retrato de Cervantes. Dedicatoria de la traductora en francés. Vida de Cervantes traducción de la hecha por Mayáns. Prólogo del autor. Versos preliminares. Texto. -- v 2. Primera parte. Texto. -- v 3. Segunda parte. Prólogo del autor. Texto. -- v 4. Segunda parte. Advertencia al lector. Texto | ||
| 500 | _aEdición : Oversat, Efter der it Amsterdam og Leipzig 1755, Udgivne Spanske Oplag, af Charlotta Dorothea Biehl | ||
| 500 | _aPrimera traducción danesa, hecha por Carlotta Dorothea Biehl, según la edición castellana de Amsterdam y Leipzig de 1755; precedida de una biografía de Cervantes extractada de la escrita por Mayáns e ilustrada con un retrato de Cervantes y varias láminas, hechas sobre los dibujos de Coypel. Edición regularmente impresa y en mal papel. Semipiel con adornos Lúdovik Osterc | ||
| 500 | _aQM592 | ||
| 546 | _aTexto en : danés | ||
| 650 | 1 | 4 |
_aNovela española _yÉpoca clásica, 1500-1700 _9215 |
| 650 | 1 | 4 |
_aLiteratura española _yÉpoca clásica, 1500-1700 _9216 |
| 650 | 1 | 4 |
_aNovela española _ySiglo XVII _9217 |
| 650 | 1 | 4 |
_aDon Quijote (Personaje ficticio) _eNovela _9218 |
| 700 | 1 |
_aBiehl, Charlotta Dorothea _d1731-1788 _eTraductor _98275 |
|
| 700 | 1 |
_aCoypel, Charles-Antoine _d1694-1752 _eIlustrador _98276 |
|
| 700 | 1 |
_aMayans I. Siscar, Gregorio _d1699-1781 _eBiógrafo _98277 |
|
| 740 | 0 | _aEl Ingenioso Hidalgo Don Quijote de la Mancha | |
| 902 | _aQFM | ||
| 942 |
_2lcc _cB |
||
| 999 |
_c2729 _d2729 |
||